000 01222cam a2200337 i 4500
001 4851
003 Mx-PuUPA
005 20251127180446.0
008 140415s2017 mx gr 000 0 spa d
020 _a9786073150835
040 _aMx-PuUPA
_bspa
_cMx-PuUPA
_dMx-PuUPA
_erda
041 0 _aspa
100 1 _aRivera Pesquera, Martha,
_917724
_eautor
245 1 0 _aRe evolución digital :
_bexplota la tecnología para transformar digitalmente tu empresa /
_cMartha Rivera Pesquera, Edgardo Méndez Montero
250 _aPrimera edición /
_bfebrero
264 1 _aCiudad de México :
_bPenguin Random House Grupo Editorial,
_c©2017
300 _a191 páginas :
_btablas ;
_c24 cm
336 _2rdacontent
_atexto
_btxt
337 _2rdamedia
_asin medio
_bn
338 _2rdacarrier
_avolumen
_bnc
490 0 _aConecta
650 7 _2armarc
_aAptitud creadora en los negocios
650 7 _2armarc
_aComunicaciones digitales
650 7 _2armarc
_aEmprendimiento
650 7 _2armarc
_aEmprendedores
650 7 _2armarc
_aEmpresas
_xInnovaciones tecnológicas
700 1 _aMéndez Montero, Edgardo,
_eautor
942 _2ddc
_cLI
_h658.110285
_iR66
999 _c4851
_d4851